000 00752nam a22002417a 4500
003 OSt
005 20260408073237.0
008 260408b |||||||| |||| 00| 0 eng d
020 _a9780716638100
040 _cHS LRC
050 _aD 743
_b.F524ww 2018
100 _aFirme, Tom
_9131530
245 _aWorld war II :
_bEuropean and North African Fronts /
_cTom Firme
260 _aChicago, Illinois :
_bWorld Book,
_cc2018.
265 _aPES
300 _a127 pages :
_bcolor illustrations ;
_c24 cm.
365 _b2,250.00
440 _aHistory Summarized
_9131531
504 _aIncludes index.
650 _aWorld war, 1939-1945
_xCampaigns
_yEurope
_9131620
650 _aWorld war, 1939-1945
_xCampaigns
_yAfrica, North
_9131621
942 _2lcc
_cBK
999 _c94073
_d94073